Soupis starých tisků knihovny děkanského úřadu u sv

Titel: Soupis starých tisků knihovny děkanského úřadu u sv : Jakuba většího v Prachaticích. Část 2. Staré tisky od 1601 do roku 1800
Verfasser:
Beteiligt:
In: Zlatá stezka, Band 3 (1996), Seite 101-118
alle Artikel anzeigen
Veröffentlicht: 1996
Format: Aufsatz
Sprache: Tschechisch
Kein Bild verfügbar
X
alg: 39298774
001A    $01999:11-11-16 
001B    $01999:12-03-21 $t19:07:41.000 
001C    $06050:19-11-16 $t22:36:36.000 
001D    $01999:11-11-16 
001U    $0utf8 
001X    $00 
002@    $0Aox 
003@    $0392987740 
007A    $0392987740 $aHEB 
007T    $0Herdp02793 
010@    $acze 
011@    $a1996 
021A    $aSoupis starých tisků knihovny děkanského úřadu u sv $dJakuba většího v Prachaticích. Část 2. Staré tisky od 1601 do roku 1800 
028A    $aBenešová $dDaniela 
028B/01 $aŠtěpánek $dPetr 
031A    $d3 $h101-118 $j1996 
037A    $aTeil 1 ebenda 2 (1995), 101-118 
037A    $aněm. res.: Verzeichnis der alten Drucke aus der Dekanatsbibliothek der St. Jakobs-Kirche in Prachatitz. 2. Teil. Teil der alten Drucke von 1601 bis 1800 
039B    $aIn $8--Abvc--. Zlatá stezka. - Prachatice, 1994- $x199600000030000899 $9070440182 
045F    $a900.9437109032 $eDDC23BSB 
045F/01 $a900 
045F/03 $f09032 
045F/03 $f9033 
045F/03 $f9034 
045F/03 $g4371 
045T    $a7,41 

lok: 39298774 78

exp: 39298774 78 1 #EPN
201B/01 $013-06-18 $t22:47:51.000 
201U/01 $0utf8 
203@/01 $0789098059 
208@/01 $a11-11-16 $be 
209A/01 $a/ $f000 $x00 
220C/01 $aHerkunft: Hú Av Čr Praha 
244Z/01 $#Tschechien $#Tschechische Republik $#Tschechische Republik $#Tschechenland $#Tschechei Tschechien $#Česká Republika $#Czech Republic $#ČR $74303381-7 $8--Tg1--Tschechien $x01 $9086659812 
244Z/01 $2Trx $#Böhmen $#Bohemia $#Czechy $8--Trx--Čechy $x02 $9391188941 
244Z/01 $#Prachatitz $#Město Prachatice $75080575-7 $8--Tg1--Prachatice $x03 $9044935404 
244Z/01 $aGeschichte 1601-1800 $x04 
244Z/01 $2Trx $#trükis, vana $#senieji spaudiniai $#Prints, old $#nyomtatás, régi $#starodruki $#tlače staré $#tisky staré $8--Trx--Drucke, alte $x05 $9391353918 
244Z/01 $2Trx $#raamatukogud üldised $#bibliotekos bendras $#Libraries general $#könyvtárak általános $#biblioteki ogólnie $#knižnice všeobecne $#knihovny všeobecně $8--Trx--Bibliotheken$gallgemein $x06 $9391362151 
244Z/01 $2Trx $#inkunaablid $#inkunabulai $#Incunabula $#ösnyomtatványok $#inkunabuły $#inkunábuly $#prvotisky $8--Trx--Inkunabeln $x07 $9391374273 
244Z/01 $2Trx $#varaloend $#inventoriai $#inventories $#készletállomány jegyzék $#inwentarze $#zoznamy $#seznamy $#Inventare $#Findbücher $#księgi metrykalne $#inventáře $8--Trx--Bestandsverzeichnisse $x08 $9391370251 
244Z/01 $2Trx $8--Trx--Zeitschriftenaufsatz $x09 $9391384341 
245Z/01 $a13.03 $x01 
245Z/01 $a03.03.03 $x02 
247C/01 $82080>Marburg/Lahn, Herder-Institut, Forschungsbibliothek, Bibliographieportal $9336309341
LEADER 00000caa a22000002c 4500
001 392987740
003 DE-603
005 20210312190741.0
007 tu
008 161111s1996 xx |||| | u00||u|cze c
035 |a (DE-599)HEB392987740 
040 |a DE-603  |b ger  |c DE-603  |d DE-603 
041 |a cze 
082 0 4 |8 1\u  |a 900.9437109032  |q DE-101  |2 23/BSB 
084 |a 7,41  |2 ssgn 
085 |8 1\u  |b 900 
085 |8 1\u  |z 1  |s 09032 
085 |8 1\u  |z 1  |s 9033 
085 |8 1\u  |z 1  |s 9034 
085 |8 1\u  |z 2  |s 4371 
100 1 |a Benešová, Daniela 
245 0 0 |a Soupis starých tisků knihovny děkanského úřadu u sv  |b Jakuba většího v Prachaticích. Část 2. Staré tisky od 1601 do roku 1800 
264 0 |c 1996 
500 |a Teil 1 ebenda 2 (1995), 101-118 
500 |a něm. res.: Verzeichnis der alten Drucke aus der Dekanatsbibliothek der St. Jakobs-Kirche in Prachatitz. 2. Teil. Teil der alten Drucke von 1601 bis 1800 
700 1 |a Štěpánek, Petr 
773 0 8 |i In  |t Zlatá stezka  |d Prachatice, 1994-  |g Band 3 (1996), Seite 101-118  |w (DE-603)070440182  |w (DE-600)1344104-8 
924 0 |9 2080  |a (DE-603)789098059  |b DE-2080  |c HES  |d d  |g /